Military Rankings Of Countries (As of 5/6/26) - Statistics

General Stats
  • This quiz has been taken 12 times
  • The average score is 73 of 145
Answer Stats
Country's Rank The Country In General % Correct
3 China
100%
2 Russia
100%
1 United States
100%
6 France
86%
12 Germany
86%
11 Brazil
71%
43 Colombia
71%
48 Finland
71%
4 India
71%
16 Iran
71%
44 Iraq
71%
10 Italy
71%
7 Japan
71%
76 Kuwait
71%
31 North Korea
71%
39 Norway
71%
81 Paraguay
71%
41 Philippines
71%
5 South Korea
71%
18 Spain
71%
26 Sweden
71%
97 Uruguay
71%
51 Venezuela
71%
77 Albania
57%
32 Argentina
57%
17 Australia
57%
70 Belarus
57%
61 Belgium
57%
83 Cambodia
57%
28 Canada
57%
49 Chile
57%
55 Czechia
57%
19 Egypt
57%
106 Estonia
57%
47 Ethiopia
57%
103 Honduras
57%
134 Iceland
57%
13 Indonesia
57%
94 Ireland
57%
15 Israel
57%
108 Ivory Coast
57%
58 Kazakhstan
57%
88 Lithuania
57%
36 Mexico
57%
93 Mongolia
57%
34 Netherlands
57%
90 New Zealand
57%
116 Nicaragua
57%
86 Oman
57%
50 Peru
57%
38 Portugal
57%
52 Romania
57%
126 Senegal
57%
69 Slovakia
57%
40 South Africa
57%
9 Turkey
57%
20 Ukraine
57%
8 United Kingdom
57%
23 Vietnam
57%
98 Yemen
57%
121 Afghanistan
43%
27 Algeria
43%
59 Angola
43%
101 Armenia
43%
67 Austria
43%
75 Bahrain
43%
37 Bangladesh
43%
138 Benin
43%
145 Bhutan
43%
82 Bolivia
43%
133 Bosnia and Herzegovina
43%
130 Botswana
43%
62 Bulgaria
43%
99 Cameroon
43%
143 Central African Republic
43%
85 Chad
43%
73 Croatia
43%
65 Cuba
43%
64 Democratic Republic of the Congo
43%
45 Denmark
43%
115 Dominican Republic
43%
72 Ecuador
43%
129 El Salvador
43%
119 Eritrea
43%
132 Gabon
43%
95 Georgia
43%
112 Ghana
43%
30 Greece
43%
96 Guatemala
43%
57 Hungary
43%
74 Jordan
43%
84 Kenya
43%
139 Kosovo
43%
109 Kyrgyzstan
43%
125 Laos
43%
102 Latvia
43%
118 Lebanon
43%
141 Liberia
43%
80 Libya
43%
131 Madagascar
43%
42 Malaysia
43%
104 Mali
43%
123 Mauritania
43%
136 Moldova
43%
128 Montenegro
43%
56 Morocco
43%
92 Mozambique
43%
35 Myanmar
43%
122 Namibia
43%
124 Nepal
43%
120 Niger
43%
33 Nigeria
43%
114 North Macedonia
43%
14 Pakistan
43%
135 Panama
43%
21 Poland
43%
71 Qatar
43%
117 Republic of the Congo
43%
63 Serbia
43%
29 Singapore
43%
91 Slovenia
43%
137 Somalia
43%
113 South Sudan
43%
68 Sri Lanka
43%
66 Sudan
43%
142 Suriname
43%
46 Switzerland
43%
87 Syria
43%
22 Taiwan
43%
100 Tajikistan
43%
89 Tanzania
43%
79 Tunisia
43%
78 Turkmenistan
43%
107 Uganda
43%
54 United Arab Emirates
43%
53 Uzbekistan
43%
111 Zambia
43%
144 Belize
29%
127 Burkina Faso
29%
140 Sierra Leone
29%
24 Thailand
29%
60 Azerbijan
0%
110 Luzembourg
0%
25 Saud Arabia
0%
105 Zimbabwae
0%
No matching quizzes found
Score Distribution
Percent of People with Each Score
Percentile by Number Answered
Your Score History
You have not taken this quiz